000
00225nam a22000857a 4500
008
170607b xxu||||| |||| 00| 0 eng d
100
_9
3324
_a
Chokshi. M
245
_a
Once upon a time
260
_a
New Delhi
_b
National Book Trust
_c
2005
999
_c
6643
_d
6643